000 00562cam a22001691i 4500
001 8897131
005 20250612134934.0
008 780313s1960 miu 000 0 eng
050 0 0 _aBS571.5
_b.B3
100 1 _aBaxter, J. Sidlow
_q(James Sidlow)
245 1 0 _aMark these men :
_bpractical studies in striking aspects of certain Bible characters /
_cJ. Sidlow Baxter.
260 _aGrand Rapids, Mich. :
_bZondervan Pub. House,
_c1960.
300 _a192 p. ;
_c23 cm.
650 0 _aBaptists
_xSermons.
650 0 _aSermons, English
_zScotland.
942 _2lcc
_cBK
_n0
999 _c6432
_d6432